| 000 | 00545nam a2200217 a 4500 | ||
|---|---|---|---|
| 001 | 0001-1945 | ||
| 003 | ELIB.Books | ||
| 008 | 190117 2010 eng | ||
| 020 | _a0801027322 | ||
| 092 |
_a268.433 Cla _bCla |
||
| 100 | _aClark,Chap. | ||
| 245 | _ahurt | ||
| 260 |
_aGrand Rapids, Michigan _bBaker Academic _c2004 |
||
| 300 |
_a236 _c20.5 cm |
||
| 650 | _aC.R.E Teenagers | ||
| 856 |
_nKBTS Library _uKBTS Elib |
||
| 942 |
_2ddc _cBK |
||
| 990 | _a2 | ||
| 998 |
_aEnglishbooks.elf _ccat _e2019-01-17 |
||
| 999 |
_c11945 _d11945 |
||